[Event "DPEM German Cup 2020"]
[Site "Magdeburg"]
[Date "2020.08.21"]
[Round "3.5"]
[White "Kuberczyk, Christoph"]
[Black "Rust-Lux, Klaus"]
[Result "1/2-1/2"]
[WhiteElo "2348"]
[BlackElo "2086"]
[Annotator "TA"]
[PlyCount "72"]
[EventDate "2020.07.30"]
[EventType "k.o."]
[EventCountry "GER"]
[SourceTitle "playchess.com"]
[Source "ChessBase"]
[SourceQuality "1"]

{[%evp 24,72,37,55,60,43,75,39,92,78,87,83,103,109,91,98,145,144,147,141,135,133,125,-35,173,166,366,366,351,339,289,46,44,0,0,0,0,0,0,0,17,6,4,0,14,-29994,-29995,-29997,-29996,-29996,-29997]} 1. d4 Nf6 2. c4 g6 3. Nc3 Bg7 4. e4 d6 5. Be2 O-O 6. Bg5 c5 7. d5 a6 8. Qd2 b5 9. cxb5 axb5 10. Bxb5 Qb6 11. Nge2 Ba6 12. Bxa6 Nxa6 13. O-O Rfb8 {E74: King's Indian: Averbakh Variation: 6...c5.} 14. Rab1 Rb7 {[#]} 15. Kh1 $146 ({Predecessor:} 15. h3 Nc7 16. Be3 Nb5 17. Qd3 Nd7 18. f4 Qa5 19. Kh2 Rab8 20. Bd2 Nxc3 21. bxc3 Qxa2 {0-1 (37) Meszaros,L (2270)-Varejcko,J (2270) Czechia 2000}) 15... Ng4 (15... Nc7 $14) 16. h3 $16 Ne5 {[#]} 17. b3 $1 Qd8 18. f4 $36 {[%mdl 2048] White is really pushing.} Nd7 19. e5 dxe5 20. d6 Nb6 21. Ne4 f6 22. Bh4 exd6 23. Qe3 $2 ({Of course not} 23. Nxd6 $6 e4 $11) ({Don't play} 23. Qxd6 $6 Qxd6 24. Nxd6 Re7 $11) (23. Rbd1 $16) 23... exf4 $2 (23... d5 $15 {keeps the upper hand.} 24. fxe5 dxe4 25. exf6 Rf7) 24. Nxf4 $18 {Threatens to win with Ne6.} Qe7 $2 {[#]} (24... Nc7 {is a better defense.}) 25. Bxf6 $1 {[%mdl 512]} Bxf6 {[#]} 26. Nxg6 $1 {[%mdl 512]} hxg6 27. Rxf6 $2 ({White must play} 27. Nxf6+ $18 Kg7 28. Qf3) 27... Kg7 $1 $14 {White must now prevent ...Nd5.} 28. Rbf1 {And now R1f5! would win.} (28. Re1 $5 {[%cal Re3g3]} Qe5 29. Rxd6 $15) 28... Nd5 {[%mdl 64] Double Attack} 29. Rxg6+ $1 Kxg6 30. Qg3+ Kh6 $1 31. Nxd6 {aiming for Nf5+.} Rf8 32. Rxf8 Qxf8 33. Qh4+ Kg7 34. Qh8+ $2 {[%mdl 8192]} (34. Qg5+ $11 Kh7 35. Nxb7 Qf1+ 36. Kh2 Qf4+ 37. Qxf4 Nxf4 38. h4) 34... Kxh8 {Black mates.} 35. Nxb7 Qf1+ 36. Kh2 Qf4+ {[%mdl 32768] What a bad dream for White. Accuracy: White = 73%, Black = 48%. . An unexpected result.} 1/2-1/2

[Event "DPEM German Cup 2020"]
[Site "Magdeburg"]
[Date "2020.08.21"]
[Round "4.1"]
[White "Neyman, Igor"]
[Black "Mueer, Sebastian"]
[Result "1/2-1/2"]
[WhiteElo "2345"]
[BlackElo "2210"]
[Annotator "TA"]
[PlyCount "78"]
[EventDate "2020.07.30"]
[EventType "k.o."]
[EventCountry "GER"]
[SourceTitle "playchess.com"]
[Source "ChessBase"]
[SourceQuality "1"]

{[%evp 9,78,0,0,0,0,-18,-18,-17,-9,-18,-19,-35,-43,-34,-37,-44,-41,-36,-29,-32,-28,-20,-24,-20,-13,-18,-12,-31,-22,-27,-23,-29,-14,-21,-7,-24,-27,-28,-24,-65,0,-10,-9,-5,0,0,0,-12,-12,-14,-9,-15,-9,-9,-9,-18,-25,-21,0,0,0,-14,-17,-25,0,0,0,-34,0,0,0]} 1. d4 Nf6 2. c4 e6 3. Nc3 Bb4 4. e3 O-O 5. Nge2 c6 6. a3 {E46: Nimzo-Indian: Rubinstein: 4 e3 0-0 5 Ne2 without early Bd3.} Ba5 7. g3 d5 8. c5 Nbd7 9. b4 Bc7 {[#]} 10. f4 $146 ({Predecessor:} 10. Bg2 e5 11. O-O Re8 12. Bb2 Nf8 13. Re1 e4 14. h3 Ne6 15. Nf4 Ng5 16. Kh2 {0-1 (34) Panopoulos,I (1607)-Karousos Theodorakis,N (1853) Greece 2014}) 10... b6 11. Bg2 a5 {...axb4 is the strong threat.} 12. Bd2 Ba6 13. O-O axb4 14. axb4 bxc5 15. bxc5 Bd3 16. Re1 Qb8 17. Rxa8 Qxa8 18. Qa4 Rb8 19. Qxa8 Rxa8 20. Bf1 Ne4 21. Nxe4 Bxe4 22. Nc3 Nf6 23. Bg2 Bd3 24. Bf1 Bxf1 (24... Bf5 $15) 25. Rxf1 Kf8 26. Rb1 Ke7 27. Rb2 Kd7 28. Ra2 Rxa2 29. Nxa2 $11 {[%mdl 4096] Endgame KBN-KBN} Kc8 30. Kf1 Kb7 31. Ke2 Ka6 32. Nc1 Ne4 33. Nd3 f6 34. Be1 h5 35. Bd2 Kb5 36. Be1 Kc4 37. Nb4 Kb5 38. Nd3 Kc4 39. Nb4 Kb5 {Accuracy: White = 96%, Black = 93%.} 1/2-1/2

[Event "DPEM German Cup 2020"]
[Site "Magdeburg"]
[Date "2020.08.21"]
[Round "4.2"]
[White "Kopylov, Michael"]
[Black "Langrock, Hannes"]
[Result "1-0"]
[WhiteElo "2393"]
[BlackElo "2346"]
[Annotator "TA"]
[PlyCount "98"]
[EventDate "2020.07.30"]
[EventType "k.o."]
[EventCountry "GER"]
[SourceTitle "playchess.com"]
[Source "ChessBase"]
[SourceQuality "1"]

{[%evp 21,98,25,29,22,30,18,25,7,10,0,6,17,7,14,22,0,0,-6,-6,-6,-6,-4,0,0,0,0,0,0,0,0,0,0,0,0,0,0,193,186,189,184,197,191,180,156,156,159,158,136,135,135,131,131,170,170,235,232,431,445,1055,1053,1039,1039,1035,1005,1002,754,801,801,779,759,2575,2568,2481,2493,2397,2388,2254,2040,1288]} 1. d4 f5 2. g3 Nf6 3. Bg2 g6 4. Nf3 Bg7 5. O-O O-O 6. c4 d6 7. Nc3 c6 8. b3 Na6 9. Bb2 Qc7 10. d5 e5 11. dxe6 Bxe6 12. Qc2 {A88: Dutch Defence: Leningrad System: 5 Nf3 0-0 6 0-0 d6 7 Nc3 c6.} Rad8 13. Rad1 Rfe8 {[#]} 14. Nd4 $146 {White has an edge.} ({Predecessor:} 14. Rfe1 Nc5 15. Nd4 Bf7 16. e3 Nfe4 17. Nce2 Qe7 18. Nf4 Nf6 19. Re2 Ng4 20. b4 {1-0 (39) Svane,R (2613)-Langrock,H (2346) Magdeburg 2020}) 14... Bf7 15. Nf3 d5 16. cxd5 Nb4 17. Qc1 Nbxd5 18. Qa1 Qe7 19. Ng5 Nxc3 20. Bxc3 Bd5 21. e3 Bxg2 22. Kxg2 Nd5 23. Bxg7 Qxg5 24. h4 Qg4 25. Bh6 {[%csl Gh6][%cal Ra1g7]} Rd7 26. Rd4 Qh5 27. Bg5 {Strongly threatening f3.} h6 28. Bf4 g5 $2 {White now steadily converts the win.} (28... c5 $11 29. Rc4 b6) 29. hxg5 $18 {And now Rh1 would win.} hxg5 30. Rh1 Qg6 {[#]} 31. Bxg5 $1 {[%mdl 512]} Rg7 ({Don't blunder} 31... Qxg5 $2 {[#]} 32. Rxd5 $1 {[%mdl 512]} Rh7 33. Rxh7 $18) 32. Bf4 Rh7 33. Rxh7 Qxh7 34. Rd1 Qg7 35. Qc1 Qe7 36. Qc4 Qg7 37. Rh1 Re4 (37... Qc3 {is a better defense.} 38. Qxc3 Nxc3) 38. Qc5 a6 $2 (38... Qd7 39. Rh5 (39. Qxa7 Nxf4+ 40. exf4 Qd5 $16) 39... Re7 40. Qxa7 Nf6 41. Rg5+ Rg7) 39. Qd6 {aiming for Rh5.White is clearly winning.} Kf7 (39... Nxf4+ $142 40. exf4 Qf7 41. Qd8+ Re8 42. Qg5+ Qg7 43. Qxf5 Rf8) 40. Qd7+ Ne7 41. Rh5 Qg6 42. Rh8 {Black must now prevent Bh6.} Kg7 43. Re8 Qe6 44. Qxe6 Rxe6 {KRB-KRN} 45. Bg5 Kf7 46. Rxe7+ Rxe7 47. Bxe7 Kxe7 48. Kf3 Ke6 49. e4 c5 {Accuracy: White = 98%, Black = 70%.} 1-0

[Event "DPEM German Cup 2020"]
[Site "Magdeburg"]
[Date "2020.08.22"]
[Round "5.1"]
[White "Neyman, Igor"]
[Black "Kopylov, Michael"]
[Result "1/2-1/2"]
[WhiteElo "2345"]
[BlackElo "2393"]
[Annotator "ChessBase"]
[PlyCount "80"]
[EventDate "2020.07.30"]
[EventType "k.o."]
[EventCountry "GER"]
[SourceTitle "playchess.com"]
[Source "ChessBase"]
[SourceQuality "1"]
[TimeControl "40/5400+30:900+30"]

1. d4 {[%emt 0:00:00]} d5 {[%emt 0:00:00]} 2. c4 {[%emt 0:00:00]} dxc4 {[%emt 0:00:53]} 3. Nf3 {[%emt 0:00:26]} a6 {[%emt 0:00:32]} 4. e3 {[%emt 0:02:03]} b5 {[%emt 0:00:14]} 5. a4 {[%emt 0:00:22]} Bb7 {[%emt 0:00:20]} 6. b3 {[%emt 0:01:03]} e6 {[%emt 0:00:35]} 7. axb5 {[%emt 0:02:41]} axb5 {[%emt 0:00:31]} 8. Rxa8 {[%emt 0:00:27]} Bxa8 {[%emt 0:00:02]} 9. bxc4 {[%emt 0:00:20]} bxc4 {[%emt 0:00:09]} 10. Bxc4 {[%emt 0:00:30]} Nf6 {[%emt 0:01:13]} 11. O-O {[%emt 0:01:45]} Nbd7 {[%emt 0:00:15]} 12. Nc3 {[%emt 0:03:56]} Be7 {[%emt 0:00:15]} 13. Qe2 {[%emt 0:06:46]} c5 {[%emt 0:02:44]} 14. dxc5 {[%emt 0:07:50]} O-O {[%emt 0:01:49]} 15. Bb2 {[%emt 0:03:34]} Nxc5 {[%emt 0:01:55]} 16. h3 {[%emt 0:02:58]} Qb6 {[%emt 0:09:51]} 17. Nb5 {[%emt 0:01:40]} Nce4 {[%emt 0:06:30]} 18. Be5 {[%emt 0:08:36]} Rc8 {[%emt 0:04:24]} 19. Bd3 {[%emt 0:07:16]} h6 {[%emt 0:05:15]} 20. Ra1 {[%emt 0:04:07]} Bd5 {[%emt 0:02:07]} 21. Qb2 {[%emt 0:06:49]} Nc5 {[%emt 0:11:18]} 22. Be2 {[%emt 0:03:02]} Nce4 23. Rc1 {[%emt 0:02:39]} Rxc1+ {[%emt 0:06:27]} 24. Qxc1 {[%emt 0:00:08]} Qc6 {[%emt 0:00:48]} 25. Qxc6 {[%emt 0:00:35]} Bxc6 {[%emt 0:00:02]} 26. Nfd4 {[%emt 0:00:54]} Bxb5 {[%emt 0:01:54]} 27. Nxb5 {[%emt 0:01:25]} Ne8 {[%emt 0:02:08]} 28. Bf3 {[%emt 0:02:13]} N4d6 {[%emt 0:00:49]} 29. Bc6 {[%emt 0:00:46]} Nxb5 {[%emt 0:00:58]} 30. Bxb5 {[%emt 0:00:37]} Bf6 {[%emt 0:01:17]} 31. Bxe8 {[%emt 0:00:53]} Bxe5 {[%emt 0:00:05]} 32. f4 {[%emt 0:00:18]} Bc7 {[%emt 0:00:24]} 33. Kf2 {[%emt 0:00:11]} Kf8 {[%emt 0:00:15]} 34. Ba4 {[%emt 0:00:10]} h5 {[%emt 0:01:04]} 35. g4 {[%emt 0:00:16]} hxg4 {[%emt 0:00:05]} 36. hxg4 {[%emt 0:00:06]} Ke7 {[%emt 0:00:14]} 37. Kf3 {[%emt 0:00:10]} Bb6 {[%emt 0:00:06]} 38. g5 {[%emt 0:00:19]} g6 {[%emt 0:00:15]} 39. e4 {[%emt 0:00:16]} Bc7 {[%emt 0:00:15]} 40. Kg4 {[%emt 0:00:13]} Bb8 {[%emt 0:00:20]} 1/2-1/2